000 01222cab a2200301 4500
001 ABS49228
008 090401t1993 xxu||||| |||| 00| 0 eng d
035 _a(Sirsi) u70416
041 _aeng
100 _aBirkby, G.
245 _aProfessional negligence in the construction industry
260 _c1993
350 _a0
490 _aSolicitors` Journal
_v137(32) 20 August 1993, 819-820(2)
520 _aSurvey of recent case law on professional negligence in the construction industry covering obtaining clients instructions, inspection of work of an inexperienced builder, failure to terminate a contractors employment and duty of care.
650 _aBROWN V SCOTT AND PAYNE
650 _aCLIENTS INSTRUCTIONS
650 _aCONSTRUCTION INDUSTRY
650 _aDAVIES V PAROCHIAL COUNCIL OF HOLY TRINITY MUCH WENLOCK
650 _aDUTY OF CARE
650 _aHILL SAMUEL BANK LTD V FREDERICK BRAND PARTNERSHIP
650 _aPROFESSIONAL NEGLIGENCE
650 _aSTORMONT MAIN WORKING MENS CLUB AND INSTITUTE LTD V ROSCOE MILNE PARTNERSHIP
650 _aWEST FAULKNER ASSOCIATES V NEWHAM LBC
690 _aMANAGEMENT-BUSINESS MANAGEMENT-PROFESSIONAL PRACTICE
942 _n0
948 _c04/03/1997
999 _c44282
_d44282